000 00682nam a22002297a 4500
003 OSt
005 20250807085706.0
008 240520b |||||||| |||| 00| 0 eng d
020 _a9786210450774
040 _aDWC-Main Lib.
_cOC
082 _aFil. 658.8 M486p 2024
100 _aNartea, Mecmack
245 _aProfessional salesmanship /
_cMecmack Nartea
250 _aFirst edition.
260 _aManila, Philippines :
_bRex Bookstore,
_cc2024.
300 _avii, 187 pages :
_billustrations ;
_c26cm.
504 _aIncludes bibliography and index.
650 _a1. Selling.
650 _a2. Sales management.
650 _a3. Marketing.
942 _2ddc
_cBK - FIL
_kFil.
_n0
999 _c37
_d37